Calculus Vocabulary & Simple Identities Quiz Stats

Quiz not verified by Sporcle

Challenge
Share
Tweet
Embed
Score 0/20 Timer 03:00
0 Plays Today
Hint Answer % Correct
integral
87.4%
Derivative of cos(x)sin(x)
57.3%
Slope of x^2 at x = 918
50.3%
method of integrating ∫udvintegration by parts
42%
First Derivativeslope
40.6%
The second derivative of displacement.acceleration
37.8%
point where concavity changespoint of inflection
37.1%
point where f'(x) = 0 and f(x) decreases to the left and rightmaximum
29.4%
limit of [sin(x)]/(x) as x → 01
25.9%
Second Derivativeconcavity
24.5%
Hint Answer % Correct
A line that touches a curve at a point without crossing over. tangent line
23.1%
Area under the curve of a velocity function.displacement
19.6%
A class of problems in which rates of change are related by means of differentiation. Standard examples include water dripping from a cone-shaped tank and a man’s shadow lengthenrelated rates
18.9%
A technique used to evaluate limits of fractions that are in the form of indeterminate expressions.L'Hopital's Rule
17.5%
∫(x + 1)dxx^2 + x + C
13.3%
(1+(1/x))^x as x → ∞e
11.9%
Allows for the computation of the limit of an expression by trapping the expression between two other expressions which have limits that are easier to computesqueeze theorem
11.9%
curve where the slope is undefinedcusp
10.5%
A point at which a graph is not connected but can be made connected by filling in a single point.removable discontinuity
10.5%
1 - (x^2)/2 + (x^4)/24 - (x^6)/720cos(x)
8.4%

You're not logged in!

Compare scores with friends on all Sporcle quizzes.
Sign Up with Email
OR
Log In

You Might Also Like...

Show Comments

Extras

Top Quizzes Today


Score Distribution

Your Account Isn't Verified!

In order to create a playlist on Sporcle, you need to verify the email address you used during registration. Go to your Sporcle Settings to finish the process.